[Event "European Online Chess Club Cup 2021 - G"]
[Site "Tornelo.com"]
[Date "2021.03.27"]
[Round "1.2"]
[White "Lammi, Jyri"]
[Black "Amin, Bassem"]
[Result "0-1"]
[WhiteElo "2083"]
[BlackElo "2695"]
[PlyCount "52"]
[EventDate "2021.03.27"]
[EventType "team"]
[EventRounds "9"]
[WhiteTeam "Aatos Chess Club"]
[BlackTeam "Clichy Echecs 92"]

1. d4 Nf6 2. Nf3 g6 3. Bg5 Bg7 4. e3 O-O 5. Nbd2 d6 6. Bd3 h6 7. Bh4 Nbd7 8.
Qe2 e5 9. dxe5 dxe5 10. O-O Qe7 11. e4 Nc5 12. Bc4 Ne6 13. Bg3 Nh5 14. Bxe6
Qxe6 15. Nc4 Nf4 16. Bxf4 exf4 17. c3 b6 18. Nd4 Qe7 19. Na3 Bb7 20. f3 c5 21.
Ndc2 f5 22. Qc4+ Kh8 23. exf5 Rxf5 24. Rfe1 Qh4 25. Nb5 Rh5 26. h3 Bxf3 0-1

[Event "European Online Chess Club Cup 2021 - G"]
[Site "Tornelo.com"]
[Date "2021.03.27"]
[Round "2.1"]
[White "Gorodetzky, Matan"]
[Black "Kovalev, Vladislav"]
[Result "1-0"]
[WhiteElo "2253"]
[BlackElo "2648"]
[PlyCount "71"]
[EventDate "2021.03.27"]
[EventType "team"]
[EventRounds "9"]
[WhiteTeam "Tsafrir Rehovot Chess School"]
[BlackTeam "Svetlana"]

1. e4 e5 2. Nf3 Nc6 3. Bc4 Nf6 4. d3 Bc5 5. O-O a6 6. a4 d6 7. c3 h6 8. Na3 O-O
9. Nc2 Re8 10. Be3 Bxe3 11. Nxe3 Be6 12. Re1 Qd7 13. b4 Ne7 14. Qb3 Ng6 15. g3
Rad8 16. Bxe6 Rxe6 17. c4 Nh7 18. h4 Nf6 19. b5 Nh5 20. Qd1 Nf6 21. Nd2 c6 22.
bxa6 bxa6 23. Nb3 Qa7 24. Qd2 d5 25. Qa5 Red6 26. Nf5 R6d7 27. Nc5 Rc7 28. Rab1
Kh7 29. Rb6 dxc4 30. dxc4 Ne7 31. Reb1 Nxf5 32. Rxa6 Ra8 33. exf5 Qxc5 34. Rxa8
Qd6 35. Rbb8 Qd1+ 36. Kg2 1-0

[Event "European Online Chess Club Cup 2021 - G"]
[Site "Tornelo.com"]
[Date "2021.03.27"]
[Round "2.1"]
[White "Amin, Bassem"]
[Black "Kovalenko, Igor"]
[Result "1-0"]
[WhiteElo "2695"]
[BlackElo "2643"]
[PlyCount "63"]
[EventDate "2021.03.27"]
[EventType "team"]
[EventRounds "9"]
[WhiteTeam "Clichy Echecs 92"]
[BlackTeam "Ashdod Chess Ogen Club	"]

1. e4 d5 2. exd5 Qxd5 3. Nc3 Qd6 4. d4 g6 5. Bc4 Bg7 6. Nf3 Nf6 7. O-O O-O 8.
h3 a6 9. a4 c5 10. d5 Nbd7 11. Ba2 b5 12. axb5 Nb6 13. Be3 Bb7 14. Qd3 Rfc8 15.
Nd2 axb5 16. Nxb5 Qd7 17. c4 Nfxd5 18. cxd5 Ba6 19. Bc4 Nxc4 20. Rxa6 Rxa6 21.
Qxc4 Rb6 22. Nc3 Rb4 23. Qa6 Rxb2 24. Na4 Rbb8 25. Nb6 Rxb6 26. Qxb6 c4 27. Qa6
c3 28. Rc1 f5 29. Nb3 Rd8 30. Qe6+ Qxe6 31. dxe6 Rd7 32. exd7 1-0

[Event "European Online Chess Club Cup 2021 - G"]
[Site "Tornelo.com"]
[Date "2021.03.27"]
[Round "3.1"]
[White "Kovalev, Vladislav"]
[Black "Maghsoodloo, Parham"]
[Result "1-0"]
[WhiteElo "2648"]
[BlackElo "2676"]
[PlyCount "103"]
[EventDate "2021.03.27"]
[EventType "team"]
[EventRounds "9"]
[WhiteTeam "Svetlana"]
[BlackTeam "Clichy Echecs 92"]

1. e4 e6 2. d4 d5 3. Nd2 c5 4. Ngf3 cxd4 5. Nxd4 Nc6 6. Bb5 Bd7 7. Nxc6 bxc6 8.
Bd3 Bd6 9. Qe2 e5 10. c4 d4 11. O-O Ne7 12. f4 exf4 13. e5 Bc7 14. Nf3 Ng6 15.
Bxg6 hxg6 16. Bxf4 Bf5 17. Qf2 c5 18. Qg3 Qb8 19. Ng5 Kf8 20. Nxf7 Kxf7 21. e6+
Kg8 22. Bxc7 Qxb2 23. Rae1 d3 24. Be5 Qb7 25. Rb1 Qe7 26. Qf3 Re8 27. Rb7 Qxe6
28. Rxg7+ Kf8 29. Qb7 Rd8 30. g4 d2 31. gxf5 gxf5 32. Rxf5+ Ke8 33. Qb5+ Rd7
34. Qb8+ Rd8 35. Qb5+ Rd7 36. Qxd7+ Qxd7 37. Rxd7 Kxd7 38. Rf1 Rh4 39. Rd1 Rxc4
40. Rxd2+ Ke6 41. Re2 Ra4 42. Kg2 c4 43. Kf3 Kf5 44. Bc3 Ra3 45. Rc2 Ra6 46.
Ke3 Rd6 47. Rf2+ Kg4 48. Rd2 Rc6 49. Kd4 Kh3 50. Re2 Rc7 51. Kd5 Rc8 52. Be5
1-0

[Event "European Online Chess Club Cup 2021 - G"]
[Site "Tornelo.com"]
[Date "2021.03.27"]
[Round "3.2"]
[White "Amin, Bassem"]
[Black "Azarov, Sergei"]
[Result "0-1"]
[WhiteElo "2695"]
[BlackElo "2604"]
[PlyCount "108"]
[EventDate "2021.03.27"]
[EventType "team"]
[EventRounds "9"]
[WhiteTeam "Clichy Echecs 92"]
[BlackTeam "Svetlana"]

1. Nf3 Nf6 2. g3 b6 3. Bg2 Bb7 4. O-O c5 5. d3 d6 6. e4 e6 7. Nfd2 Nc6 8. f4
Be7 9. Nc3 a6 10. a4 Qc7 11. Nc4 O-O 12. e5 Ne8 13. f5 Nxe5 14. fxe6 Bxg2 15.
exf7+ Nxf7 16. Kxg2 Nf6 17. a5 bxa5 18. Bf4 Qb7+ 19. Qf3 d5 20. b3 Rad8 21.
Nxa5 Qd7 22. h4 Ng4 23. Rae1 Bf6 24. Na4 Nfe5 25. Qd1 Qb5 26. Qd2 h5 27. Re2
Ng6 28. Bc7 Rde8 29. Rfe1 Bd4 30. Qg5 Rxe2+ 31. Rxe2 Qd7 32. Qxg6 Qxc7 33. Nc6
Ne3+ 34. Rxe3 Bxe3 35. Qe6+ Qf7 36. Ne7+ Kh7 37. Qxf7 Rxf7 38. Nxd5 Rf2+ 39.
Kh3 Bc1 40. Nxc5 Rxc2 41. Nxa6 Ba3 42. b4 Bb2 43. b5 Bd4 44. Nac7 Rb2 45. Nf4
Be5 46. Nfe6 Rb3 47. Ng5+ Kg6 48. Nce6 Rxd3 49. Nf8+ Kf5 50. Kg2 Rxg3+ 51. Kf1
Rb3 52. Nd7 Rxb5 53. Nxe5 Rxe5 54. Kf2 Kg4 0-1

[Event "European Online Chess Club Cup 2021 - G"]
[Site "Tornelo.com"]
[Date "2021.03.27"]
[Round "4.1"]
[White "Maghsoodloo, Parham"]
[Black "Pechac, Jergus"]
[Result "1-0"]
[WhiteElo "2676"]
[BlackElo "2519"]
[PlyCount "117"]
[EventDate "2021.03.27"]
[EventType "team"]
[EventRounds "9"]
[WhiteTeam "Clichy Echecs 92"]
[BlackTeam "CVC Mladost VIX Zilina"]

1. d4 d5 2. c4 c6 3. Nf3 Nf6 4. g3 g6 5. Bg2 Bg7 6. O-O O-O 7. Qb3 Qb6 8. Rd1
Rd8 9. Nc3 Be6 10. c5 Qxb3 11. axb3 Nbd7 12. b4 a6 13. h3 h6 14. g4 Ne4 15. Ne1
f5 16. gxf5 Nxc3 17. bxc3 Bxf5 18. f3 e5 19. e4 Be6 20. Be3 g5 21. Nd3 Re8 22.
Nf2 Rad8 23. Rd2 exd4 24. cxd4 Nf8 25. h4 gxh4 26. e5 Ng6 27. Bh3 Kf7 28. Rf1
Ne7 29. Kh2 Nf5 30. Nd1 Rg8 31. Bf2 Ra8 32. Bxf5 Bxf5 33. Ne3 Ke6 34. Bxh4 h5
35. f4 Bh6 36. Bg5 Bxg5 37. fxg5 Rxg5 38. Rdf2 Bg6 39. Kh3 Rg8 40. Kh4 Bd3 41.
Rf6+ Ke7 42. Rf7+ Ke8 43. Rf8+ Ke7 44. R1f7+ Ke6 45. Rf6+ Ke7 46. R8f7+ Kd8 47.
Rxb7 Rg1 48. Rb8+ Kd7 49. Rxg8 Rxg8 50. Rf7+ Ke6 51. Rc7 Bb5 52. Rh7 Rg1 53.
Rh6+ Kf7 54. e6+ Ke8 55. Nf5 Rg4+ 56. Kh3 Bf1+ 57. Kh2 Rg2+ 58. Kh1 Rg8 59. Rh7
1-0

[Event "European Online Chess Club Cup 2021 - G"]
[Site "Tornelo.com"]
[Date "2021.03.27"]
[Round "4.2"]
[White "Zwardon, Vojtech"]
[Black "Amin, Bassem"]
[Result "0-1"]
[WhiteElo "2466"]
[BlackElo "2695"]
[PlyCount "80"]
[EventDate "2021.03.27"]
[EventType "team"]
[EventRounds "9"]
[WhiteTeam "CVC Mladost VIX Zilina"]
[BlackTeam "Clichy Echecs 92"]

1. c4 Nf6 2. Nc3 g6 3. g3 Bg7 4. Bg2 O-O 5. d3 e5 6. Bg5 h6 7. Bd2 c6 8. Qc1
Kh7 9. h4 d5 10. h5 g5 11. Nf3 d4 12. Nb1 e4 13. Nxg5+ hxg5 14. h6 Bh8 15. Bxg5
Qa5+ 16. b4 Qxb4+ 17. Bd2 Qe7 18. Bg5 exd3 19. O-O dxe2 20. Qc2+ Kg8 21. Re1
Qe5 22. Qd2 d3 23. Nc3 Nh7 24. Ne4 Bf5 25. Bf4 Qe6 26. Qxd3 Bxa1 27. Rxa1 Re8
28. Qd4 Qg6 29. f3 Bxe4 30. fxe4 Na6 31. Re1 Rad8 32. Qb2 Rd1 33. Qxe2 Rxe1+
34. Qxe1 Nc5 35. e5 Nd3 36. Qe3 Nxf4 37. gxf4 Rd8 38. Qh3 Rd2 39. f5 Qg5 40. f6
Rd1+ 0-1

[Event "European Online Chess Club Cup 2021 - G"]
[Site "Tornelo.com"]
[Date "2021.03.28"]
[Round "5.4"]
[White "Kogan, Arthur"]
[Black "Jablonicky, Martin"]
[Result "0-1"]
[WhiteElo "2501"]
[BlackElo "2298"]
[PlyCount "110"]
[EventDate "2021.03.27"]
[EventType "team"]
[EventRounds "9"]
[WhiteTeam "Ashdod Chess Ogen Club	"]
[BlackTeam "CVC Mladost VIX Zilina"]

1. e4 Nf6 2. e5 Nd5 3. d4 d6 4. Nf3 dxe5 5. Nxe5 c6 6. Be2 Bf5 7. O-O Nd7 8.
Nf3 e6 9. c4 N5f6 10. Nc3 Bd6 11. Qb3 b6 12. Rd1 O-O 13. Bg5 Qc7 14. Bh4 Rfe8
15. Rac1 Bf4 16. Bg3 Nh5 17. Nd2 Nxg3 18. hxg3 Bh6 19. Bf3 e5 20. c5 bxc5 21.
d5 e4 22. d6 Qa5 23. Bxe4 Bxd2 24. Bxf5 Bxc1 25. Bxd7 Red8 26. Bxc6 Rab8 27.
Qd5 Bxb2 28. Ne4 Bd4 29. d7 Qc7 30. Ng5 Rf8 31. Nf3 Rb4 32. Re1 Rb6 33. Nxd4
cxd4 34. Re8 Rb1+ 35. Kh2 Rb8 36. Qe4 d3 37. Ba4 d2 38. Qd3 Qa5 39. Bc2 Qh5+
40. Kg1 Rfxe8 41. dxe8=Q+ Rxe8 42. Qxd2 Qe2 43. Qd7 Qe7 44. Qd3 g6 45. Kh2 Qc5
46. Qd7 Qh5+ 47. Qh3 Qxh3+ 48. Kxh3 Re2 49. Bb3 Rxf2 50. g4 Kg7 51. Kg3 Rd2 52.
Kf3 Kf6 53. g3 Rd3+ 54. Kf2 Rd7 55. Ba4 Rd4 0-1

[Event "European Online Chess Club Cup 2021 - G"]
[Site "Tornelo.com"]
[Date "2021.03.28"]
[Round "6.3"]
[White "Kogan, Arthur"]
[Black "Ozen, Bahadir"]
[Result "1/2-1/2"]
[WhiteElo "2501"]
[BlackElo "2369"]
[PlyCount "116"]
[EventDate "2021.03.27"]
[EventType "team"]
[EventRounds "9"]
[WhiteTeam "Ashdod Chess Ogen Club	"]
[BlackTeam "Anatolia Red"]

1. e4 e5 2. Nf3 Nc6 3. Bc4 Bc5 4. c3 Nf6 5. d3 d6 6. Nbd2 a6 7. Bb3 Ba7 8. h3
O-O 9. Qe2 Be6 10. Nf1 Bxb3 11. axb3 Nd7 12. Ng3 Nc5 13. Ra3 d5 14. O-O dxe4
15. dxe4 Qd3 16. Qe1 Rad8 17. b4 Ne6 18. Nf5 Rfe8 19. Nh2 Nf4 20. Kh1 Qc2 21.
Bxf4 exf4 22. f3 Rd2 23. Qh4 Rxg2 24. Ng4 Nd8 25. Qg5 Ne6 26. Ngh6+ Kf8 27.
Qxg2 Qxg2+ 28. Kxg2 gxh6 29. Rd1 Ng7 30. Nxg7 Kxg7 31. b5 Re6 32. bxa6 bxa6 33.
Kh2 Bb6 34. Rd2 a5 35. Ra1 Kf8 36. Rad1 Rg6 37. Rg2 Rc6 38. Rd8+ Ke7 39. Rd5 a4
40. Rd3 Rc5 41. Rd5 Rc6 42. Rf5 a3 43. bxa3 Rxc3 44. Rxf4 Bd4 45. Rf5 Rxa3 46.
Kg3 c5 47. Rd5 Ke6 48. Kg4 Be5 49. f4 f5+ 50. exf5+ Kxd5 51. fxe5 Ra4+ 52. Kh5
Kxe5 53. Rc2 c4 54. Kxh6 Kxf5 55. h4 Kg4 56. h5 Ra6+ 57. Kxh7 Kxh5 58. Rxc4 Kg5
1/2-1/2

[Event "European Online Chess Club Cup 2021 - G"]
[Site "Tornelo.com"]
[Date "2021.03.28"]
[Round "6.4"]
[White "Kamer, Kayra"]
[Black "Golod, Vitali"]
[Result "1/2-1/2"]
[WhiteElo "2339"]
[BlackElo "2500"]
[PlyCount "30"]
[EventDate "2021.03.27"]
[EventType "team"]
[EventRounds "9"]
[WhiteTeam "Anatolia Red"]
[BlackTeam "Ashdod Chess Ogen Club	"]

1. e4 e5 2. Nf3 Nc6 3. Bb5 a6 4. Ba4 Nf6 5. Bxc6 dxc6 6. d3 Nd7 7. Nbd2 Bd6 8.
Nc4 O-O 9. h4 Re8 10. h5 Nf8 11. Bd2 c5 12. Nh4 Be7 13. Nf3 Bd6 14. Nh4 Be7 15.
Nf3 Bd6 1/2-1/2

[Event "European Online Chess Club Cup 2021 - G"]
[Site "Tornelo.com"]
[Date "2021.03.28"]
[Round "7.3"]
[White "Moreau, Teodor"]
[Black "Kogan, Arthur"]
[Result "1-0"]
[WhiteElo "2329"]
[BlackElo "2501"]
[PlyCount "161"]
[EventDate "2021.03.27"]
[EventType "team"]
[EventRounds "9"]
[WhiteTeam "Wasa SK"]
[BlackTeam "Ashdod Chess Ogen Club	"]

1. d4 Nf6 2. c4 c5 3. d5 e5 4. Nc3 d6 5. e4 Be7 6. Be2 Nbd7 7. Nf3 Nf8 8. a3
Ng6 9. b4 b6 10. O-O h5 11. Re1 h4 12. bxc5 bxc5 13. Rb1 Nh7 14. h3 Ng5 15. Nh2
O-O 16. Bg4 Nf4 17. Bxc8 Qxc8 18. Qg4 f5 19. exf5 Rxf5 20. Ne4 Qf8 21. Kh1 Nxe4
22. Rxe4 Nd3 23. Be3 Bg5 24. Kg1 Bxe3 25. Rxe3 Nxf2 26. Qxh4 Rf4 27. Qg3 Ne4
28. Qe1 Nf6 29. Qe2 Qc8 30. Qc2 Qa6 31. Rc1 Rf8 32. Nf3 Nh7 33. Kh2 Qa5 34. Rb1
Qa6 35. Rb5 Qc8 36. Rb2 Qd7 37. a4 Qe7 38. Re4 Rxf3 39. gxf3 Ng5 40. Rg4 Nxf3+
41. Kh1 Nd4 42. Qg6 Qd7 43. Rbg2 Rf7 44. Rh4 Qxa4 45. Rh8+ Kxh8 46. Qxf7 Qd1+
47. Rg1 Qf3+ 48. Qxf3 Nxf3 49. Rg6 Nd2 50. Rxd6 Kg8 51. Rc6 Nxc4 52. Rxc5 Nd6
53. Rc6 Nf5 54. Ra6 Kf7 55. Kg1 Ne3 56. Rxa7+ Kf6 57. Ra6+ Kf5 58. d6 Ke6 59.
d7+ Kxd7 60. Ra7+ Ke6 61. Rxg7 Kf6 62. Ra7 Nf5 63. Kf2 e4 64. Ra5 Kg5 65. h4+
Kf6 66. h5 e3+ 67. Kf3 Ke6 68. h6 Nh4+ 69. Kxe3 Kf7 70. Kf4 Kg6 71. Ra6+ Kh7
72. Kg5 Nf3+ 73. Kh5 Ne5 74. Ra7+ Kh8 75. Kg5 Kg8 76. Rc7 Kh8 77. Re7 Nc6 78.
Re6 Nd4 79. Re4 Nf3+ 80. Kg6 Nh4+ 81. Rxh4 1-0

[Event "European Online Chess Club Cup 2021 - G"]
[Site "Tornelo.com"]
[Date "2021.03.28"]
[Round "7.4"]
[White "Golod, Vitali"]
[Black "Grandell, Anders"]
[Result "1-0"]
[WhiteElo "2500"]
[BlackElo "2296"]
[PlyCount "85"]
[EventDate "2021.03.27"]
[EventType "team"]
[EventRounds "9"]
[WhiteTeam "Ashdod Chess Ogen Club	"]
[BlackTeam "Wasa SK"]

1. d4 d5 2. c4 dxc4 3. e4 b5 4. a4 c6 5. Nf3 a6 6. b3 e5 7. bxc4 Nf6 8. axb5
Nxe4 9. Bd3 Bb4+ 10. Kf1 f5 11. Bxe4 fxe4 12. Nxe5 O-O 13. Be3 cxb5 14. Qb3 a5
15. cxb5+ Kh8 16. Nf7+ Rxf7 17. Qxf7 Nd7 18. Nd2 Nf6 19. Nc4 Bd7 20. Ne5 Bxb5+
21. Kg1 Qb8 22. Qe6 Be8 23. h3 Qd6 24. Qxe8+ Nxe8 25. Nf7+ Kg8 26. Nxd6 Nxd6
27. Kh2 Kf7 28. Rhb1 Rc8 29. Ra2 Ke6 30. Bd2 Rc4 31. Bxb4 axb4 32. Rab2 Rxd4
33. Rxb4 Rd2 34. R1b2 Rd1 35. Rb6 Kf5 36. Ra6 Rd5 37. Ra7 g5 38. Rxh7 Ne8 39.
Rf7+ Kg6 40. Re7 Nf6 41. Rb6 Rf5 42. Kg1 Rf4 43. g3 1-0

[Event "European Online Chess Club Cup 2021 - G"]
[Site "Tornelo.com"]
[Date "2021.03.28"]
[Round "8.3"]
[White "Kogan, Arthur"]
[Black "Cantin, Loic"]
[Result "1/2-1/2"]
[WhiteElo "2501"]
[BlackElo "2182"]
[PlyCount "133"]
[EventDate "2021.03.27"]
[EventType "team"]
[EventRounds "9"]
[WhiteTeam "Ashdod Chess Ogen Club	"]
[BlackTeam "US Villejuif Echecs"]

1. Nf3 d5 2. g3 c5 3. Bg2 Nf6 4. O-O g6 5. d3 Bg7 6. Nbd2 O-O 7. e4 Nc6 8. Re1
h6 9. c3 Be6 10. e5 Nd7 11. d4 cxd4 12. cxd4 Rc8 13. Nf1 Nb6 14. b3 Qd7 15. h4
Bf5 16. Bd2 Be4 17. N1h2 Na8 18. Rc1 Nc7 19. Qe2 a6 20. Qe3 f6 21. exf6 exf6
22. Bc3 Rce8 23. Qd2 Ne6 24. Bb2 Qd6 25. Ng4 Kh7 26. h5 gxh5 27. Ne3 f5 28. Ne5
Ncxd4 29. Bxd4 Nxd4 30. Qxd4 Bxe5 31. Qd1 Bxg3 32. fxg3 Qxg3 33. Qxh5 Re7 34.
Qh3 Qg5 35. Kh1 Rg8 36. Rg1 Bxg2+ 37. Nxg2 Qf6 38. Nf4 Rxg1+ 39. Rxg1 Qe5 40.
Qg3 Rg7 41. Qxg7+ Qxg7 42. Rxg7+ Kxg7 43. Nxd5 Kf7 44. Kg2 Ke6 45. Ne3 Ke5 46.
Kf3 b5 47. Nc2 a5 48. Na3 a4 49. Nxb5 axb3 50. axb3 h5 51. b4 Kd5 52. Nc3+ Kc4
53. b5 Kc5 54. Kg3 Kb6 55. Kh4 f4 56. Kh3 Kc5 57. Kh4 Kb6 58. Kh3 Kc5 59. Kg2
h4 60. Kg1 Kb6 61. Kh1 Kc5 62. Kh2 Kb6 63. Kg2 Kc5 64. Kh3 f3 65. Kxh4 f2 66.
Ne4+ Kxb5 67. Nxf2 1/2-1/2

[Event "European Online Chess Club Cup 2021 - G"]
[Site "Tornelo.com"]
[Date "2021.03.28"]
[Round "8.4"]
[White "Saatdjian, Stephane"]
[Black "Golod, Vitali"]
[Result "0-1"]
[WhiteElo "2131"]
[BlackElo "2500"]
[PlyCount "146"]
[EventDate "2021.03.27"]
[EventType "team"]
[EventRounds "9"]
[WhiteTeam "US Villejuif Echecs"]
[BlackTeam "Ashdod Chess Ogen Club	"]

1. e4 c5 2. Nf3 Nc6 3. Bb5 e6 4. Bxc6 bxc6 5. O-O Ne7 6. b3 Ng6 7. Bb2 d6 8. c3
d5 9. Re1 Be7 10. d4 O-O 11. Nbd2 a5 12. Qc2 a4 13. Ba3 cxd4 14. Bxe7 Qxe7 15.
cxd4 Qa7 16. Qxc6 axb3 17. Nxb3 Bb7 18. Qc5 dxe4 19. Ng5 Bd5 20. Nxe4 Nf4 21.
f3 Qa6 22. Qd6 Qxd6 23. Nxd6 Nd3 24. Reb1 Nb4 25. a4 Nc2 26. Ra2 Nxd4 27. Nxd4
Bxa2 28. Rb4 Rfb8 29. N4b5 Bd5 30. Rf4 f6 31. Rd4 Ra6 32. Ne4 Bxe4 33. Rxe4 e5
34. Kf2 Rc8 35. g4 Rc2+ 36. Kg3 Rac6 37. Rb4 Ra2 38. h3 Rcc2 39. Nd6 g5 40.
Rb8+ Kg7 41. Rb7+ Kf8 42. Rb8+ Ke7 43. Nf5+ Kd7 44. Ne3 Re2 45. Rb7+ Kc6 46.
Rb3 Rxa4 47. h4 h6 48. h5 Raa2 49. Rc3+ Kb5 50. Rb3+ Ka4 51. Rd3 Kb4 52. Kh3
Rab2 53. Kg3 Kc5 54. Ra3 Re1 55. Nf5 Rg1+ 56. Kh3 Rgg2 57. Ne3 Kb4 58. Rd3 Rgd2
59. Rxd2 Rxd2 60. Nf5 Rd7 61. Nxh6 Kc4 62. Ng8 Rf7 63. Kg3 Kd5 64. Kf2 e4 65.
fxe4+ Kxe4 66. Kg3 Ke5 67. Nh6 Ra7 68. Ng8 Ra3+ 69. Kf2 f5 70. h6 Ra7 71. gxf5
Kxf5 72. Kg3 Kg6 73. h7 Rxh7 0-1

[Event "European Online Chess Club Cup 2021 - G"]
[Site "Tornelo.com"]
[Date "2021.03.28"]
[Round "9.4"]
[White "Zvarik, Martin"]
[Black "Cramling, Dan"]
[Result "0-1"]
[WhiteElo "2249"]
[BlackElo "2292"]
[PlyCount "46"]
[EventDate "2021.03.27"]
[EventType "team"]
[EventRounds "9"]
[WhiteTeam "CVC Mladost VIX Zilina"]
[BlackTeam "Wasa SK"]

1. d4 Nf6 2. Bg5 Ne4 3. Bh4 c5 4. f3 g5 5. fxe4 gxh4 6. e3 Qb6 7. b3 Bg7 8. c3
Qh6 9. Qd2 O-O 10. Nf3 d6 11. Na3 f5 12. e5 Nc6 13. exd6 exd6 14. Bc4+ Kh8 15.
O-O f4 16. exf4 cxd4 17. Nxd4 Be5 18. Ne2 Bg4 19. Rae1 Bxe2 20. Rxe2 Bxf4 21.
Qe1 Ne5 22. Ref2 Be3 23. h3 Rxf2 0-1

[Event "European Online Chess Club Cup 2021 - G"]
[Site "Tornelo.com"]
[Date "2021.03.27"]
[Round "2.3"]
[White "Najer, Evgeniy"]
[Black "Piorun, Kacper"]
[Result "0-1"]
[WhiteElo "2648"]
[BlackElo "2615"]
[PlyCount "66"]
[EventDate "2021.03.27"]
[EventType "team"]
[EventRounds "9"]
[WhiteTeam "New Old Boys"]
[BlackTeam "Tremblay"]

1. d4 Nf6 2. c4 g6 3. Nc3 Bg7 4. e4 d6 5. Be2 O-O 6. Nf3 e5 7. O-O Nc6 8. d5
Ne7 9. b4 a6 10. c5 c6 11. dxc6 dxc5 12. cxb7 Bxb7 13. bxc5 Nxe4 14. Nxe4 Bxe4
15. Bg5 f6 16. Be3 Bd5 17. Qa4 Qe8 18. Qxe8 Rfxe8 19. Rfd1 Bf7 20. Nd2 Nd5 21.
Ne4 Nxe3 22. fxe3 Rec8 23. Nd6 Rxc5 24. Nxf7 Kxf7 25. Rac1 Bf8 26. Kf2 Ke6 27.
Rxc5 Bxc5 28. Bc4+ Ke7 29. Rd5 Bb6 30. Kf3 h5 31. h3 h4 32. Bb3 Rc8 33. Ke2 e4
0-1

[Event "European Online Chess Club Cup 2021 - G"]
[Site "Tornelo.com"]
[Date "2021.03.28"]
[Round "8.4"]
[White "Benezra, Amos"]
[Black "Ozata, Doruk"]
[Result "1-0"]
[WhiteElo "1929"]
[BlackElo "1646"]
[PlyCount "67"]
[EventDate "2021.03.27"]
[EventType "team"]
[EventRounds "9"]
[WhiteTeam "Aix-en-Provence"]
[BlackTeam "CS Chess Club"]

1. e4 c5 2. Nf3 Nc6 3. Bb5 d6 4. Bxc6+ bxc6 5. b3 e5 6. Bb2 Nf6 7. d3 Be7 8.
O-O O-O 9. Re1 h6 10. c3 Bg4 11. d4 c4 12. Nbd2 cxb3 13. Qxb3 Rb8 14. Qc2 Qc7
15. dxe5 dxe5 16. c4 Bd6 17. c5 Bxc5 18. Bxe5 Qb6 19. Nc4 Qa6 20. Bxb8 Rxb8 21.
Nce5 Bxf3 22. Nxf3 Ba3 23. Rab1 Rd8 24. e5 Nd5 25. e6 fxe6 26. Rxe6 Bd6 27. Qb3
Rb8 28. Qc2 Rd8 29. Rd1 Qc8 30. Qf5 Rf8 31. Qe4 Nc3 32. Qc4 Nxd1 33. Rxd6+ Kh8
34. Rxd1 1-0

[Event "European Online Chess Club Cup 2021 - G"]
[Site "Tornelo.com"]
[Date "2021.03.28"]
[Round "9.4"]
[White "Ozata, Doruk"]
[Black "Cooper, Lawrence H"]
[Result "0-1"]
[WhiteElo "1646"]
[BlackElo "2331"]
[PlyCount "54"]
[EventDate "2021.03.27"]
[EventType "team"]
[EventRounds "9"]
[WhiteTeam "CS Chess Club"]
[BlackTeam "Wood Green"]

1. e4 e5 2. Nf3 Nc6 3. Bc4 Bc5 4. O-O Nf6 5. d3 a6 6. Bb3 d6 7. c3 h6 8. Nbd2
O-O 9. Re1 Nh5 10. Nf1 Qf6 11. Be3 Bg4 12. N1d2 Nf4 13. Bxf4 Qxf4 14. Ba4 Ne7
15. b4 Ba7 16. Nf1 f5 17. Qd2 fxe4 18. Qxf4 Rxf4 19. Rxe4 Rxe4 20. dxe4 Bxf3
21. gxf3 Rf8 22. Kg2 Ng6 23. Ne3 Nh4+ 24. Kf1 Nxf3 25. Ke2 Nxh2 26. Rg1 Bxe3
27. Kxe3 Rf3+ 0-1

[Event "European Online Chess Club Cup 2021 - G"]
[Site "Tornelo.com"]
[Date "2021.03.28"]
[Round "9.4"]
[White "Murzin, Volodar"]
[Black "Benezra, Amos"]
[Result "1-0"]
[WhiteElo "2478"]
[BlackElo "1929"]
[PlyCount "45"]
[EventDate "2021.03.27"]
[EventType "team"]
[EventRounds "9"]
[WhiteTeam "New Old Boys"]
[BlackTeam "Aix-en-Provence"]

1. e4 g6 2. d4 d6 3. Nf3 Bg7 4. Bc4 e6 5. Qe2 a6 6. Nbd2 b5 7. Bb3 c5 8. c3 Nc6
9. d5 Ne5 10. Nxe5 Bxe5 11. Nf3 Bg7 12. dxe6 fxe6 13. c4 b4 14. O-O Bb7 15.
Ba4+ Kf8 16. Rd1 Qe7 17. e5 d5 18. Bg5 Qc7 19. cxd5 Bxd5 20. Bb3 c4 21. Rac1
Rc8 22. Rd4 Qf7 23. Rf4 1-0

[Event "European Online Chess Club Cup 2021 - G"]
[Site "Tornelo.com"]
[Date "2021.03.27"]
[Round "1.1"]
[White "Kryvoruchko, Yuriy"]
[Black "Samani, Yamac"]
[Result "1-0"]
[WhiteElo "2699"]
[BlackElo "2246"]
[PlyCount "161"]
[EventDate "2021.03.27"]
[EventType "team"]
[EventRounds "9"]
[WhiteTeam "Greco-Notary Chess Team"]
[BlackTeam "Canakkale TSK"]

1. e4 c5 2. Nf3 g6 3. d4 cxd4 4. Nxd4 Nc6 5. c4 Nf6 6. Nc3 d6 7. Be2 Nxd4 8.
Qxd4 Bg7 9. Be3 O-O 10. Qd2 Be6 11. O-O Qa5 12. Rac1 Rfc8 13. b3 a6 14. f4 b5
15. f5 Bd7 16. fxg6 hxg6 17. e5 Ne8 18. Nd5 Qxd2 19. Bxd2 Bxe5 20. Nxe7+ Kg7
21. Nxc8 Rxc8 22. cxb5 Rxc1 23. Rxc1 axb5 24. Bc3 Kf6 25. Bxe5+ Kxe5 26. Kf2 f5
27. Ke3 Nf6 28. Bf3 f4+ 29. Kd2 d5 30. Kc3 g5 31. h3 d4+ 32. Kb4 Nd5+ 33. Bxd5
Kxd5 34. Rc5+ Ke4 35. Rxg5 Bxh3 36. gxh3 f3 37. Rg8 f2 38. Rf8 Ke3 39. a3 Ke2
40. h4 f1=Q 41. Rxf1 Kxf1 42. h5 d3 43. h6 d2 44. h7 d1=Q 45. h8=Q Qd6+ 46.
Kxb5 Qxa3 47. Qf6+ Kg1 48. Qd4+ Kh1 49. Qd5+ Kh2 50. b4 Qa7 51. Qc6 Qa2 52.
Qd6+ Kh1 53. Kb6 Qf2+ 54. Qc5 Qb2 55. b5 Qh8 56. Qd6 Qg7 57. Kc6 Qc3+ 58. Kb7
Qb3 59. b6 Kg1 60. Qd4+ Kh1 61. Qd7 Kg1 62. Qd4+ Kh1 63. Qf6 Kg1 64. Qg6+ Kh1
65. Kc7 Kh2 66. Qd6+ Kg1 67. Qd4+ Kh2 68. Qf4+ Kg1 69. b7 Qc3+ 70. Kd7 Qg7+ 71.
Kc6 Qc3+ 72. Kb5 Qb3+ 73. Qb4 Qd3+ 74. Kb6 Qd8+ 75. Ka6 Qd3+ 76. Ka7 Qd7 77.
Qc5+ Kh2 78. Kb8 Kg2 79. Qc2+ Kf1 80. Qc4+ Kg2 81. Ka8 1-0

[Event "European Online Chess Club Cup 2021 - G"]
[Site "Tornelo.com"]
[Date "2021.03.27"]
[Round "1.2"]
[White "Agdelen, Huseyin Can"]
[Black "Eljanov, Pavel"]
[Result "0-1"]
[WhiteElo "2206"]
[BlackElo "2672"]
[PlyCount "70"]
[EventDate "2021.03.27"]
[EventType "team"]
[EventRounds "9"]
[WhiteTeam "Canakkale TSK"]
[BlackTeam "Greco-Notary Chess Team"]

1. e4 c6 2. Nc3 d5 3. Nf3 Bg4 4. h3 Bxf3 5. Qxf3 e6 6. Be2 Nf6 7. O-O Bc5 8.
Rd1 Bd4 9. exd5 cxd5 10. Nb5 Bb6 11. Qa3 Qe7 12. Qxe7+ Kxe7 13. b3 Ne4 14. d4
a6 15. Na3 Nc3 16. Re1 Bxd4 17. Bf3 Nc6 18. Bd2 Ne5 19. Bd1 Ne4 20. Bb4+ Kf6
21. Rxe4 dxe4 22. c3 Ba7 23. Bc2 Nd3 24. Bxd3 exd3 25. Rd1 Rhd8 26. Nc4 Rd5 27.
Nd6 Rd8 28. Ne4+ Kg6 29. c4 Re5 30. Nd6 a5 31. Ba3 Re2 32. Rxd3 Bxf2+ 33. Kh2
Rxa2 34. b4 Rxd6 35. Rxd6 Rxa3 0-1

[Event "European Online Chess Club Cup 2021 - G"]
[Site "Tornelo.com"]
[Date "2021.03.27"]
[Round "1.1"]
[White "Mamedov, Rauf"]
[Black "Manik, Mikulas"]
[Result "1-0"]
[WhiteElo "2654"]
[BlackElo "2353"]
[PlyCount "67"]
[EventDate "2021.03.27"]
[EventType "team"]
[EventRounds "9"]
[WhiteTeam "Vugar Gashimov"]
[BlackTeam "SK Prakovce"]

1. e4 c5 2. Nf3 d6 3. Nc3 Nf6 4. e5 dxe5 5. Nxe5 a6 6. g3 g6 7. Bg2 Bg7 8. O-O
O-O 9. d3 Nbd7 10. Nc4 Ra7 11. a4 b6 12. Re1 Bb7 13. Bxb7 Rxb7 14. Bf4 e6 15.
Qf3 Ra7 16. Ne4 Nxe4 17. dxe4 Qa8 18. Qb3 Qc6 19. c3 h6 20. h4 Kh7 21. Qc2 e5
22. Be3 f5 23. exf5 gxf5 24. Rad1 b5 25. Nd6 e4 26. Bf4 Ne5 27. Bxe5 Bxe5 28.
Nxe4 fxe4 29. Rxe4 Qg6 30. h5 Qxh5 31. Rxe5+ Qg6 32. Qxg6+ Kxg6 33. axb5 axb5
34. Rxc5 1-0